The Four tendencies : (Record no. 362036)
[ view plain ]
| 000 -LEADER | |
|---|---|
| fixed length control field | 00571nam a2200145Ia 4500 |
| 008 - FIXED-LENGTH DATA ELEMENTS--GENERAL INFORMATION | |
| fixed length control field | 190813s9999 xx 000 0 und d |
| 020 ## - INTERNATIONAL STANDARD BOOK NUMBER | |
| International Standard Book Number | 9781524760915 |
| 100 ## - MAIN ENTRY--PERSONAL NAME | |
| Personal name | Rubin, Gretchen. |
| 245 ## - TITLE STATEMENT | |
| Statement of responsibility, etc | Gretchen Rubin.-- |
| Title | The Four tendencies : |
| Remainder of title | the indispensable personality profiles that reveal how to make your life better ( and other people's lives better, too) / |
| 260 ## - PUBLICATION, DISTRIBUTION, ETC. (IMPRINT) | |
| Place of publication, distribution, etc | New York : |
| Name of publisher, distributor, etc | Harmony books |
| Date of publication, distribution, etc | 2017 |
| 300 ## - PHYSICAL DESCRIPTION | |
| Extent | ix, 257 pages. |
| 500 ## - GENERAL NOTE | |
| General note | Includes bibliographic references and index. |
| 650 ## - SUBJECT ADDED ENTRY--TOPICAL TERM | |
| Topical term or geographic name as entry element | Personality. |
| 650 ## - SUBJECT ADDED ENTRY--TOPICAL TERM | |
| Topical term or geographic name as entry element | Self-actualization (Psychology). |
| Withdrawn status | Lost status | Damaged status | Home library | Current library | Shelving location | Date acquired | Source of acquisition | Total Checkouts | Full call number | Barcode | Date last seen | Price effective from | Koha item type |
|---|---|---|---|---|---|---|---|---|---|---|---|---|---|
| College Library | College Library | Reserve Section | 08/13/2019 | BF 637.S4 .R896 2017 | C21821 | 08/13/2019 | 08/13/2019 | Books |